Formulaire gynécologique du praticien, (Record no. 38674)

MARC details
000 -LEADER
fixed length control field 00655cam a22002291 4500
001 - CONTROL NUMBER
control field med47002721
003 - CONTROL NUMBER IDENTIFIER
control field DLC
005 - DATE AND TIME OF LATEST TRANSACTION
control field 20260227111607.0
008 - FIXED-LENGTH DATA ELEMENTS--GENERAL INFORMATION
fixed length control field 810920s1946 xx a 000 0 fre
010 ## - LIBRARY OF CONGRESS CONTROL NUMBER
LC control number med47002721
035 ## - SYSTEM CONTROL NUMBER
System control number (OCoLC)14748359
040 ## - CATALOGING SOURCE
Original cataloging agency DLC
Transcribing agency DNLM
Modifying agency DLC
042 ## - AUTHENTICATION CODE
Authentication code premarc
050 00 - LIBRARY OF CONGRESS CALL NUMBER
Classification number RG125
Item number .J4 1946
060 0# - NATIONAL LIBRARY OF MEDICINE CALL NUMBER
Classification number WP 650
Item number J43f 1946
100 1# - MAIN ENTRY--PERSONAL NAME
Personal name Jeanneney, Georges,
Dates associated with a name 1891-1945.
245 10 - TITLE STATEMENT
Title Formulaire gynécologique du praticien,
Statement of responsibility, etc. par G. Jeanneney ... et Marc Rosset ...
250 ## - EDITION STATEMENT
Edition statement 4. éd. rev., corr. et augm.
260 ## - PUBLICATION, DISTRIBUTION, ETC.
Place of publication, distribution, etc. Paris,
Name of publisher, distributor, etc. Doin,
Date of publication, distribution, etc. 1946.
300 ## - PHYSICAL DESCRIPTION
Extent 318 p.
Other physical details ill.
700 1# - ADDED ENTRY--PERSONAL NAME
Personal name Rosset-Bressand, Marc.

No items available.

Powered by Koha